|
|
|
|
| LEADER |
00702nab a2200181 i 4500 |
| 001 |
misc7069 |
| 005 |
20191106144303.0 |
| 008 |
170607s1895 hu o 0|| hun d |
| 022 |
|
|
|a 0025-0260
|
| 040 |
|
|
|a SZTE Miscellanea Repozitórium
|b hun
|
| 041 |
|
|
|a hun
|
| 100 |
1 |
|
|a Márki Sándor
|
| 245 |
1 |
0 |
|a Arad iskolaügye [2. rész]
|h [elektronikus dokumentum] :
|b 1695-1895 /
|c Márki Sándor
|
| 260 |
|
|
|c 1895
|
| 300 |
|
|
|a 248-255
|
| 490 |
0 |
|
|a Magyar pedagógia : a Magyar Tudományos Akadémia Pedagógiai Bizottságának folyóirata
|v 4
|
| 695 |
|
|
|a Oktatásügy története Magyarország 17-19. sz., Arad, Oktatásügy
|
| 856 |
4 |
0 |
|u http://misc.bibl.u-szeged.hu/7069/1/mp_1895_0286_248-255.pdf
|z Dokumentum-elérés
|